000 00947cam a2200277 a 4500
020 _a0060195916
040 _cVHB
082 0 0 _a956 HAR 2004 A102 Or.
100 1 _aHersh, Seymour M.
245 1 0 _aChain of command :
_bthe road from 9/11 to Abu Ghraib /
250 _a1st ed.
260 _aNew York :
_bHarperCollins,
_cc2004.
300 _axix, 394 p.:
_bmaps ;
_c24 cm.
500 _a"Portions of this book were previously published, in somewhat different form, in The New Yorker"--T.p. verso.
500 _aMaps on end papers.
500 _aIncludes index.
650 0 _aIraq War, 2003-2011
650 0 _aIraq War, 2003-2011
650 0 _aPrisoners of war
650 0 _aPrisoners of war
650 0 _aTerrorism
650 0 _aWar on Terrorism, 2001-2009.
856 4 2 _uhttp://www.loc.gov/catdir/enhancements/fy0911/2004541382-b.html
856 4 2 _uhttp://www.loc.gov/catdir/enhancements/fy0911/2004541382-d.html
942 _cEK
999 _c13691
_d13691